| 000 | 01063cam a2200205 4500 | ||
|---|---|---|---|
| 001 | WB3845-14 | ||
| 008 | 021205n2002 000 0 eng u | ||
| 035 | _a(Sirsi) u120679 | ||
| 245 | _aSoft landing likely | ||
| 260 | _c2002 | ||
| 490 |
_aNationwide Monthly Review _vDecember 2002, (3) |
||
| 490 |
_aCouncil of Mortgage Lenders Press Release _v2 December 2002, (2) |
||
| 520 | _aNationwide's monthly review of house prices reports a continuing price rise of 2% in November 2002, with an annual growth rate of 25.5%. Nationwide and the Council of Mortgage Lenders (CML) predict a gradual slowdown in the housing market for 2003 due to affordability constraints, labour market conditions, and rises in interest rates. Graphs. www.nationwide.co.uk/hpi/hpindex/monthlymenu.htmwww.cml.org.uk/servlet/dycon/zt-cml/cml/live/en/cml/press_releases_2002_1202 | ||
| 590 | _aWB | ||
| 650 | _aHOUSE PRICES | ||
| 650 | _aNATIONWIDE | ||
| 650 | _aCOUNCIL OF MORTGAGE LENDERS | ||
| 690 | _aPROPERTY-RESIDENTIAL PROPERTY-RESIDENTIAL PROPERTY MARKET | ||
| 942 | _n0 | ||
| 999 |
_c71714 _d71714 |
||